Učitavanje...
Educational technology in distance /
| Glavni autor: | |
|---|---|
| Jezik: | Undetermined |
| Izdano: |
Jaipure :
Rawat pub ,
1998.
|
| LEADER | 00468nam a2200145Ia 4500 | ||
|---|---|---|---|
| 001 | 86965 | ||
| 008 | 170722s9999 xx 000 0 und d | ||
| 020 | |a 8170334605 | ||
| 100 | |a Rastogi, Satish | ||
| 245 | |a Educational technology in distance / | ||
| 260 | |a Jaipure : |b Rawat pub , |c 1998. | ||
| 300 | |a 268 p. |c 22cms | ||
| 942 | |c GEN | ||
| 999 | |c 118203 |d 118203 | ||
| 952 | |0 0 |1 0 |4 0 |6 T_923_N8 |7 0 |8 LC1 |9 167083 |a LIB |b LIB |d 2017-08-12 |h LC1 |o T92:3 N8 |p 232098 |r 2017-08-12 |v 475.00 |w 2017-08-12 |y GEN | ||